El empréstito de los 200 millones y las contratas de carreteras : (Record no. 159752)

MARC details
000 -LEADER
campo de control de longitud fija 00974nam a22002175i 4500
001 - NÚMERO DE CONTROL
campo de control 159752
003 - IDENTIFICADOR DE NÚMERO DE CONTROL
campo de control ES-MaACL
005 - FECHA Y HORA DE LA ÚLTIMA TRANSACCIÓN
campo de control 20230906211801.0
008 - DATOS DE LONGITUD FIJA--INFORMACIÓN GENERAL
campo de control de longitud fija 030130s1849 sp |||| | spa d
080 ## - NÚMERO DE LA CLASIFICACIÓN DECIMAL UNIVERSAL
Número de la Clasificación Decimal Universal 625.7:351.712.2(460)
100 1# - ENTRADA PRINCIPAL--NOMBRE DE PERSONA
Nombre de persona Miranda, Pedro.
9 (RLIN) 129976
245 13 - MENCIÓN DEL TÍTULO
Título El empréstito de los 200 millones y las contratas de carreteras :
Resto del título réplica al señor Don José García Otero /
Mención de responsabilidad, etc. por Don Pedro Miranda.
260 ## - PUBLICACIÓN, DISTRIBUCIÓN, ETC.
Lugar de publicación, distribución, etc. [Madrid :
Nombre del editor, distribuidor, etc. s.n.,
Fecha de publicación, distribución, etc. 1849] (
Fabricante Imp. de Don José María Alonso)
300 ## - DESCRIPCIÓN FÍSICA
Extensión 63 p. ;
Dimensiones 27 cm.
530 ## - NOTA DISPONIBLE DE FORMULARIO FÍSICO ADICIONAL
Nota de formato físico adicional disponible Disponible en formato digital.
650 #4 - PUNTO DE ACCESO ADICIONAL DE MATERIA--TÉRMINO DE MATERIA
Término de materia o nombre geográfico como elemento de entrada Contratos de obras públicas.
9 (RLIN) 175869
650 #4 - PUNTO DE ACCESO ADICIONAL DE MATERIA--TÉRMINO DE MATERIA
Término de materia o nombre geográfico como elemento de entrada Carreteras-
Subdivisión geográfica España.
9 (RLIN) 156236
700 1# - ENTRADA AGREGADA--NOMBRE PERSONAL
Nombre de persona García Otero, José.
9 (RLIN) 127216
852 4# - LOCALIZACIÓN
Ubicación ES-MaACL
Número de control de estantería T-45-F-3
Nota libre - Enc. hol., falto de port. y hasta la p.8
-- - Enc. en un vol. facticio
856 4# - LOCALIZACIÓN Y ACCESO ELECTRÓNICOS
Identificador Uniforme de Recursos <a href="http://bibliotecavirtualdefensa.es/BVMDefensa/es/consulta/registro.do?id=4433">http://bibliotecavirtualdefensa.es/BVMDefensa/es/consulta/registro.do?id=4433</a>
Nota pública Biblioteca Virtual de Defensa
Holdings
Estatus retirado Estado de pérdida Estado de daño No para préstamo Colección Biblioteca de origen Biblioteca actual Ubicación en estantería Fecha de adquisición Total de préstamos Signatura topográfica completa Código de barras Visto por última vez Precio de reemplazo Tipo de ítem Koha
        Colección de folletos Biblioteca del Ateneo de Madrid Biblioteca del Ateneo de Madrid Depósito folletos 17/01/2008   T-45-F-3 1167241 23/02/2023 23/02/2023 Folleto